000 00416nam a22001337a 4500
999 _c11007
_d11007
008 160114b xxu||||| |||| 00| 0 eng d
100 _aWeston Anthony.
245 _aA Rulebook for Arguments/
_cAnthony Weston.
260 _aUSA.
_bHackett Publishing Company,
_c1987.
300 _axv, 93p.:
_c22 cm.
650 _aArgument
942 _2lcc
_cSH_L_BOOKS
_kBC 177
_m.W47
_01